PROJECT MANAGEMENT (Record no. 28059)

000 -LEADER
fixed length control field 00324nam a2200145Ia 4500
008 - FIXED-LENGTH DATA ELEMENTS--GENERAL INFORMATION
fixed length control field 200615s9999||||xx |||||||||||||| ||und||
020 ## - INTERNATIONAL STANDARD BOOK NUMBER
International Standard Book Number 9780074600689
082 ## - DEWEY DECIMAL CLASSIFICATION NUMBER
Classification number 650
Item number PRO-C
100 ## - MAIN ENTRY--PERSONAL NAME
Personal name CHOUDHURI,S
245 #0 - TITLE STATEMENT
Title PROJECT MANAGEMENT
250 ## - EDITION STATEMENT
Edition statement 1ST
260 ## - PUBLICATION, DISTRIBUTION, ETC.
Place of publication, distribution, etc. New Delhi
Name of publisher, distributor, etc. TMH
Date of publication, distribution, etc. 2018
300 ## - PHYSICAL DESCRIPTION
Extent 244
942 ## - ADDED ENTRY ELEMENTS (KOHA)
Koha item type Book
Holdings
Withdrawn status Lost status Damaged status Not for loan Collection code Permanent Location Current Location Shelving location Date acquired Total Checkouts Full call number Barcode Checked out Date last seen Date last checked out Price effective from Koha item type
        School of Management Maharishi School of Business & Management (Lucknow) Central Library, MUIT, Lucknow R42S2 2020-06-15 1 658 SOM01068 2026-05-09 2026-04-24 2026-04-24 2020-06-15 Book

All Rights Reserved@MUIT

Powered by Koha